Logo BPK

Biblioteka

Politechniki Koszalińskiej

Nowa szansa : (Rekord nr 54170)

Szczegóły MARC
000 -ETYKIETA REKORDU
podpole kontrolne o stałej długości 00852nam a2200253 i 4500
001 - NUMER KONTROLNY REKORDU
pole kontrolne bg
020 ## - MIĘDZYNARODOWY ZNORMALIZOWANY NUMER KSIĄŻKI - ISBN
ISBN 8385452672
040 ## - ŹRÓDŁO KATALOGOWANIA
Instytucja, która utworzyła rekord BPK
041 1# - KOD JĘZYKA
Kod języka tekstu pol
Kod języka oryginału eng
044 ## - KOD KRAJU WYDAWCY/PRODUCENTA
Kod kraju wydawcy/producenta POL
080 ## - UNIWERSALNA KLASYFIKACJA DZIESIĘTNA - UKD
UKD 613.81
920 ## - Międzynarodowy znormalizowany numer książki – ISBN
ISBN 83-85452-67-2
008 - POLE O STAŁEJ DŁUGOŚCI - DANE KONTROLNE
podpole kontrolne o stałej długości s pl f |000 0 pol
100 1# - NAZWA OSOBOWA
Nazwa osobowa Wegscheider-Cruse, Sharon
Daty związane z nazwą (1938- ).
245 10 - TYTUŁ/ODPOWIEDZIALNOŚĆ
Tytuł Nowa szansa :
Ciąg dalszy tytułu nadzieja dla rodziny alkoholowej /
Pozostałe elementy strefy tytułu i oznaczenia odpowiedzialności Sharon Wegscheider-Cruse ; [przekł. Magdalena Ślósarska].
246 0# - WARIANT TYTUŁU
Treść wyrażenia wprowadzającego Tyt. oryg. :
Tytuł Another chance
260 ## - STREFA ADRESU WYDAWNICZEGO
Miejsce wydania Warszawa :
Nazwa wydawcy/dystrybutora Instytut Psychologii Zdrowia,
Data publikacji, dystrybucji/powstania dokumentu 2000.
300 ## - STREFA OPISU FIZYCZNEGO
Objętość 312 s. :
Inne cechy fizyczne wykr. ;
Rozmiary 24 cm.
504 ## - UWAGA DOTYCZĄCA BIBLIOGRAFII
Informacje o bibliografii Bibliogr. s. 312.
650 #9 - HASŁO PRZEDMIOTOWE W FORMIE NAZWY OGÓLNEJ LUB JEDNOSTKOWEJ
Nazwa ogólna lub geograficzna Alkoholizm
Określnik ogólny zapobieganie i zwalczanie
700 1# - HASŁO DODATKOWE - NAZWA OSOBOWA
Nazwa osobowa Ślósarska, Magdalena
Daty związane z nazwą (1944- ).
856 ## - LOKALIZACJA I DOSTĘP DO ELEKTRONICZNYCH DOKUMENTÓW ZDALNYCH
Link (URL) http://koha.tu.koszalin.pl/cgi-bin/koha/opac-detail.pl?biblionumber=54170
Tekst linku Katalog online BPK
942 ## - DODATKOWE ELEMENTY (KOHA)
Typ dokumentu Książka
Egzemplarze
Wycofany Status egzemplarza Uszkodzony Dostępność Lokalizacja stała Lokalizacja bieżąca Miejsce przechowywania Sygnatura Kod kreskowy Ostatnio wypożyczono Typ dokumentu
      Dostępny Biblioteka Politechniki Koszalińskiej Biblioteka Politechniki Koszalińskiej Wypożyczalnia BG 85087 02385051 08.12.2014 Książka
      Dostępny Biblioteka Politechniki Koszalińskiej Biblioteka Politechniki Koszalińskiej Wypożyczalnia BG 85088 02385044   Książka
© 2023 Biblioteka Politechniki Koszalińskiej :: KOHA